Fillipisms: (Record no. 186907)

MARC details
000 -LEADER
fixed length control field 00580nam a22001817a 4500
005 - DATE AND TIME OF LATEST TRANSACTION
control field 20220323101258.0
010 ## - LCCN (DPL NO)
LC control number ENG-132083
020 ## - INTERNATIONAL STANDARD BOOK NUMBER
International Standard Book Number 9789388968409
Terms of availability 599.00
035 ## - SYSTEM CONTROL NUMBER
System control number EN-115615
037 ## - SOURCE OF ACQUISITION
Source of stock number/acquisition DBAD/PUB
082 ## - DEWEY DECIMAL CLASSIFICATION NUMBER
Classification number 398.9
100 ## - MAIN ENTRY--PERSONAL NAME
Personal name Philip, Prateep V
245 ## - TITLE STATEMENT
Title Fillipisms:
Remainder of title 3333 Maxims To Maximize Your Life/
Statement of responsibility, etc Prateep V Philip
260 ## - PUBLICATION, DISTRIBUTION, ETC. (IMPRINT)
Place of publication, distribution, etc Bengaluru
Name of publisher, distributor, etc ATC Publishers
Date of publication, distribution, etc 2020
270 ## - ADDRESS
Address 9/12-1, 1st Floor, Lloyd's Road Cooke Town
City Bengaluru
Postal code 560005
Electronic mail address admin@atcpublishers.com
300 ## - PHYSICAL DESCRIPTION
Extent 406p
Dimensions 23cm(pbk)
942 ## - ADDED ENTRY ELEMENTS (KOHA)
Source of classification or shelving scheme Dewey Decimal Classification
Item type English Books
Call number suffix PHI
Classification part 398.9
Holdings
Withdrawn status Lost status Not for loan Collection code Home library Current library Date acquired Source of acquisition Cost, normal purchase price Full call number Barcode Copy number Cost, replacement price Koha item type
      Non-fiction Central Library Central Library 23/03/2022 DBAD/PUB 599.00 398.9 PHI EN-115615 1 599.00 English Books

© Delhi Public Library
Hit Counter
free hit counter